|
|
|
|
| LEADER |
00000nam a22000007a 4500 |
| 005 |
2020072205595.0 |
| 007 |
cr|||| |||| |
| 008 |
200722s2011 br |||||s|||| 00||0 por d |
| 020 |
|
|
|a 978-85-89917-86-5
|
| 035 |
|
|
|a 31872
|
| 040 |
|
|
|a vLex
|
| 090 |
|
|
|c 10685
|d 10685
|
| 100 |
1 |
|
|a Braga Rocha, Eduardo
|
| 245 |
1 |
1 |
|a A justiciabilidade do direito fundamental ̉sad︢e no Brasil
|h [Recurso electrn̤ico] /
|c Eduardo Braga Rocha
|
| 256 |
|
|
|a Servicio en ln̕ea
|
| 260 |
|
|
|a San Pablo:
|b Letras Jurídicas Editora,
|c 2011
|
| 300 |
|
|
|a 1 recurso electrn̤ico
|
| 500 |
|
|
|a Este livro ̌fruto da dissertaȯ̂ de Mestrado em Direito (r̀ea de concentraȯ̂: Direito do Estado), defendida pelo autor na Universidade da Amazn̥ia - UNAMA em dezembro de 2010, tendo obtido nota dez com distinȯ̂. A presente obra trata da justiciabilidade do direito fundamental ̉sad︢e no Brasil, identificando-se os principais fatores favorv̀eis, obstc̀ulos e limites, tendo como parḿetro as discusse̳s jurd̕icas travadas entre Estado e indivd̕uo. Destaca-se que a sad︢e ̌um direito social prestacional que, apesar de positivado na Constituiȯ̂, tem sido constantemente violado, especialmente em face das omisse̳s arbitrr̀ias do Estado.
|
| 506 |
1 |
|
|a Disponible solo en los productos indicados
|d vLex Global
|d vLex Global (Academic Edition, excluding Law Schools)
|d vLex Global (U.S. Academic Edition, Law Schools)
|d vLex Global (U.S. Academic Edition, excluding Law Schools)
|d vLex Global (Academic Edition, Law Schools)
|
| 650 |
0 |
4 |
|a Derecho Pb︢lico y Administrativo
|z Brasil
|
| 740 |
0 |
|
|a vLex Libros (Servicio en ln̕ea)
|
| 856 |
4 |
0 |
|u http://vlex.com/source/justiciabilidade-do-direito-fundamental-a-saude-no-brasil-31872
|z Acceso restringido
|
| 942 |
|
|
|c BOOK
|
| 999 |
0 |
|
|a Public and Administrative Law
|